000 00318nam a22001337a 4500
008 170307b xxu||||| |||| 00| 0 eng d
020 _a9780805349160
041 _aeng
080 _25ED
_a611
100 _a6
101 _aSHM
245 _aHUMAN ANATOMY PHYSIOLOGY LABORATORY MANUAL
_cMARIEB.E.N
942 _2udc
_cBK
999 _c7040
_d7040